Khách hàng - doanh nghiệp hợp tác cùng phát triển
Sách dùng làm tài liệu tham khảo cho các nhà kinh doanh khi nghiên cứu về mối quan hệ khách hàng và doanh nghiệp để phát triển.
Đã lưu trong:
| Format: | Bog |
|---|---|
| Sprog: | Undetermined |
| Udgivet: |
Hà Nội
Thống kê
2008
|
| Fag: | |
| Tags: |
Tilføj Tag
Ingen Tags, Vær først til at tagge denne postø!
|
| Thư viện lưu trữ: | Trung tâm Học liệu Trường Đại học Cần Thơ |
|---|
| LEADER | 00826nam a2200205Ia 4500 | ||
|---|---|---|---|
| 001 | CTU_135192 | ||
| 008 | 210402s9999 xx 000 0 und d | ||
| 020 | |c 56000 | ||
| 082 | |a 658.834 | ||
| 082 | |b Kh102 | ||
| 245 | 0 | |a Khách hàng - doanh nghiệp hợp tác cùng phát triển | |
| 245 | 0 | |c Vũ Thu Phương biên dịch và biên soạn | |
| 260 | |a Hà Nội | ||
| 260 | |b Thống kê | ||
| 260 | |c 2008 | ||
| 520 | |a Sách dùng làm tài liệu tham khảo cho các nhà kinh doanh khi nghiên cứu về mối quan hệ khách hàng và doanh nghiệp để phát triển. | ||
| 650 | |a Quan hệ khách hàng,Customer relations | ||
| 650 | |x Quản lý,Management | ||
| 904 | |i Trọng Hiếu | ||
| 980 | |a Trung tâm Học liệu Trường Đại học Cần Thơ | ||